HUMAN RESOURCE DEVELOPMENT AND MANAGEMENT (Record no. 27084)

000 -LEADER
fixed length control field 00421nam a2200181Ia 4500
003 - CONTROL NUMBER IDENTIFIER
control field OSt
005 - DATE AND TIME OF LATEST TRANSACTION
control field 20250722114752.0
008 - FIXED-LENGTH DATA ELEMENTS--GENERAL INFORMATION
fixed length control field 200615s9999||||xx |||||||||||||| ||und||
020 ## - INTERNATIONAL STANDARD BOOK NUMBER
International Standard Book Number 8125907815
040 ## - CATALOGING SOURCE
Transcribing agency MUIT
082 ## - DEWEY DECIMAL CLASSIFICATION NUMBER
Classification number 650
Item number HUM-G
100 ## - MAIN ENTRY--PERSONAL NAME
Personal name GHOSH,BISWANATH
245 #0 - TITLE STATEMENT
Title HUMAN RESOURCE DEVELOPMENT AND MANAGEMENT
250 ## - EDITION STATEMENT
Edition statement 1ST
260 ## - PUBLICATION, DISTRIBUTION, ETC.
Place of publication, distribution, etc. NEW DELHI
Name of publisher, distributor, etc. VIKAS
Date of publication, distribution, etc. 2006
300 ## - PHYSICAL DESCRIPTION
Extent 360
942 ## - ADDED ENTRY ELEMENTS (KOHA)
Koha item type Book
Source of classification or shelving scheme
Holdings
Withdrawn status Lost status Source of classification or shelving scheme Damaged status Not for loan Collection code Permanent Location Current Location Shelving location Date acquired Total Checkouts Full call number Barcode Date last seen Price effective from Koha item type
          School of Management Central Library, MUIT, Lucknow Maharishi School of Business & Management (Lucknow) R67S1 2020-06-15   658 SOM047 2025-04-21 2020-06-15 Reference Book

All Rights Reserved@MUIT

Powered by Koha